00809nam a22002057a 4500003000400000005001700004008004100021040002500062082001600087100001800103245014700121260007400268300002000342490003300362500009700395504002600492700002100518700003100539830003300570OSt20220412112135.0110301s2008 xxu 000 0 spa d aDO-SdBNPbspacBNPHU axxxxbS731d1 aSoy, Rosie M.10aDominican women across three generacions : educational dreams, goals and hopes /cRosie M. Soy, Stefan Bosworth ; prefacio Ramona Hernández  aNew York, Estados Unidos :bCUNY Dominican studies institute. c2008. a50 p. :c23 cm.1 aDominican research monograph aMujeres dominicanas a lo largo de tres generaciones: sueños, metas y esperanzas educativas aBiografías p: 48-5012aBosworth, Stefan12aHernández, Ramonaepref. 0nDominican research monograph